| 000 -LEADER |
| fixed length control field |
00496nam a2200169 4500 |
| 008 - FIXED-LENGTH DATA ELEMENTS--GENERAL INFORMATION |
| fixed length control field |
190302b ||||| |||| 00| 0 eng d |
| 100 ## - MAIN ENTRY--PERSONAL NAME |
| Personal name |
Bodenhorn, Howard |
| 245 ## - TITLE STATEMENT |
| Title |
Finance and urbanization in early nineteenth-century New York |
| 260 ## - PUBLICATION, DISTRIBUTION, ETC. (IMPRINT) |
| Date of publication, distribution, etc |
2018 |
| 300 ## - PHYSICAL DESCRIPTION |
| Extent |
p.47-58. |
| 650 ## - SUBJECT ADDED ENTRY--TOPICAL TERM |
| Topical term or geographic name as entry element |
Urbanization |
| 9 (RLIN) |
2930 |
| 650 ## - SUBJECT ADDED ENTRY--TOPICAL TERM |
| Topical term or geographic name as entry element |
Banking- United States - New York |
| 9 (RLIN) |
2931 |
| 700 ## - ADDED ENTRY--PERSONAL NAME |
| Personal name |
Cuberes, David |
| 9 (RLIN) |
2932 |
| 773 ## - HOST ITEM ENTRY |
| Main entry heading |
Journal of Urban Economics |
| 906 ## - LOCAL DATA ELEMENT F, LDF (RLIN) |
| Subject DIP |
Population |
| 942 ## - ADDED ENTRY ELEMENTS (KOHA) |
| Source of classification or shelving scheme |
|
| Item type |
Articles |